000 00232 a2200097 4500
001 46092
100 _aFacer R
245 _aThe alliance and Europe Part III
260 _aLondon
_bInternational Institute
_c
090 _c29196
_d29196
942 _aNUST-CAE
_cM
_c21331
999 _c281165
_d281165